Spanish Football Clubs - Sudden Death - Statistics

General Stats
  • This quiz has been taken 625 times
  • The average score is 13 of 16
Answers on the Grid
Answers color-coded by a green-red scale on the quiz's grid according to % correct below.
Alaves
Athletic Bilbao
Bahia
Barcelona
Benfica
Boavista
Boca Juniors
Bologna
Braga
Brest
Celta Vigo
Cruzeiro
Eibar
Elche
Espanyol
Estudiantes
Flamengo
Getafe
Girona
Juventus
Lazio
Lens
Levante
Penarol
PSG
Rayo Vallecano
Real Madrid
Real Sociedad
Santos
Sevilla
Valencia
Villarreal
 
Answer Stats
Answer % Correct
Barcelona
95%
Athletic Bilbao
94%
Real Madrid
86%
Real Sociedad
86%
Valencia
86%
Villarreal
86%
Alaves
85%
Sevilla
85%
Espanyol
84%
Getafe
83%
Celta Vigo
82%
Girona
81%
Rayo Vallecano
80%
Levante
76%
Elche
75%
Eibar
73%
No matching quizzes found
Score Distribution
Percent of People with Each Score
Percentile by Number Answered
Your Score History
You have not taken this quiz